|
|
|
|
| LEADER |
00000cam a22000002c 4500 |
| 001 |
1840059931 |
| 003 |
DE-627 |
| 005 |
20251205205732.0 |
| 007 |
cr uuu---uuuuu |
| 008 |
230324s2001 xx |||||o 00| ||eng c |
| 024 |
7 |
|
|a 10.3886/ICPSR03074.v1
|2 doi
|
| 035 |
|
|
|a (DE-627)1840059931
|
| 035 |
|
|
|a (DE-599)KXP1840059931
|
| 040 |
|
|
|a DE-627
|b ger
|c DE-627
|e rda
|
| 041 |
|
|
|a eng
|
| 084 |
|
|
|a 2,1
|2 ssgn
|
| 100 |
1 |
|
|a Fisher, Bonnie S.
|e VerfasserIn
|4 aut
|
| 245 |
1 |
0 |
|a Understanding Crime Victimization Among College Students in the United States, 1993-1994
|
| 264 |
|
1 |
|a [Erscheinungsort nicht ermittelbar]
|b [Verlag nicht ermittelbar]
|c 2001
|
| 336 |
|
|
|a Text
|b txt
|2 rdacontent
|
| 337 |
|
|
|a Computermedien
|b c
|2 rdamedia
|
| 338 |
|
|
|a Online-Ressource
|b cr
|2 rdacarrier
|
| 520 |
|
|
|a This study was designed to collect college student victimization data to satisfy four primary objectives: (1) to determine the prevalence and nature of campus crime, (2) to help the campus community more fully assess crime, perceived risk, fear of victimization, and security problems, (3) to aid in the development and evaluation of location-specific and campus-wide security policies and crime prevention measures, and (4) to make a contribution to the theoretical study of campus crime and security. Data for Part 1, Student-Level Data, and Part 2, Incident-Level Data, were collected from a random sample of college students in the United States using a structured telephone interview modeled after the redesigned National Crime Victimization Survey administered by the Bureau of Justice Statistics. Using stratified random sampling, over 3,000 college students from 12 schools were interviewed. Researchers collected detailed information about the incident and the victimization, and demographic characteristics of victims and nonvictims, as well as data on self-protection, fear of crime, perceptions of crime on campus, and campus security measures. For Part 3, School Data, the researchers surveyed campus officials at the sampled schools and gathered official data to supplement institution-level crime prevention information obtained from the students. Mail-back surveys were sent to directors of campus security or campus police at the 12 sampled schools, addressing various aspects of campus security, crime prevention programs, and crime prevention services available on the campuses. Additionally, mail-back surveys were sent to directors of campus planning, facilities management, or related offices at the same 12 schools to obtain information on the extent and type of planning and design actions taken by the campus for crime prevention. Part 3 also contains data on the characteristics of the 12 schools obtained from PETERSON'S GUIDE TO FOUR-YEAR COLLEGES (1994). Part 4, Census Data, is comprised of 1990 Census data describing the census tracts in which the 12 schools were located and all tracts adjacent to the schools. Demographic variables in Part 1 include year of birth, sex, race, marital status, current enrollment status, employment status, residency status, and parents' education. Victimization variables include whether the student had ever been a victim of theft, burglary, robbery, motor vehicle theft, assault, sexual assault, vandalism, or harassment. Students who had been victimized were also asked the number of times victimization incidents occurred, how often the police were called, and if they knew the perpetrator. All students were asked about measures of self-protection, fear of crime, perceptions of crime on campus, and campus security measures. For Part 2, questions were asked about the location of each incident, whether the offender had a weapon, a description of the offense and the victim's response, injuries incurred, characteristics of the offender, and whether the incident was reported to the police. For Part 3, respondents were asked about how general campus security needs were met, the nature and extent of crime prevention programs and services available at the school (including when the program or service was first implemented), and recent crime prevention activities. Campus planners were asked if specific types of campus security features (e.g., emergency telephone, territorial markers, perimeter barriers, key-card access, surveillance cameras, crime safety audits, design review for safety features, trimming shrubs and underbrush to reduce hiding places, etc.) were present during the 1993-1994 academic year and if yes, how many or how often. Additionally, data were collected on total full-time enrollment, type of institution, percent of undergraduate female students enrolled, percent of African-American students enrolled, acreage, total fraternities, total sororities, crime rate of city/county where the school was located, and the school's Carnegie classification. For Part 4, Census data were compiled on percent unemployed, percent having a high school degree or higher, percent of all persons below the poverty level, and percent of the population that was Black.
|
| 540 |
|
|
|a ICPSR Terms of Use
|
| 650 |
|
4 |
|a College students
|
| 650 |
|
4 |
|a Colleges
|
| 650 |
|
4 |
|a Crime Prevention
|
| 650 |
|
4 |
|a Fear of crime
|
| 650 |
|
4 |
|a Risk assessment
|
| 650 |
|
4 |
|a Security
|
| 650 |
|
4 |
|a Victimization
|
| 655 |
|
7 |
|a Forschungsdaten
|0 (DE-588)1098579690
|0 (DE-627)857755366
|0 (DE-576)469182156
|2 gnd-content
|
| 700 |
1 |
|
|a Cullen, Francis T.
|e MitwirkendeR
|4 ctb
|
| 700 |
1 |
|
|a Sloan III, John J.
|e MitwirkendeR
|4 ctb
|
| 787 |
0 |
8 |
|i Forschungsdaten zu
|a Sloan III, J.J.
|t Assessing the student right-to-know and Campus Security Act of 1990: An analysis of the victim reporting practices of college and university students
|d 1997
|w (DE-627)1912463008
|
| 787 |
0 |
8 |
|i Forschungsdaten zu
|a Fisher, Bonnie S.
|t Crime and fear on campus
|d 1995
|w (DE-627)1912496534
|
| 787 |
0 |
8 |
|i Forschungsdaten zu
|a Fisher, B.S.
|t Crime in the ivory tower: The level and sources of student victimization
|d 1998
|w (DE-627)1912498278
|
| 787 |
0 |
8 |
|i Forschungsdaten zu
|a Fisher, Bonnie S.
|t Crime in the ivory tower: The level and sources of student victimization
|d Waveland Press, 2002
|w (DE-627)1912498286
|
| 787 |
0 |
8 |
|i Forschungsdaten zu
|a Allen, W.D.
|t Criminals and Victims
|d [Erscheinungsort nicht ermittelbar] : Stanford University Press, 2011
|w (DE-627)1912501465
|
| 787 |
0 |
8 |
|i Forschungsdaten zu
|a Farina, Katie A.
|t The Effects of Situational Crime Prevention on Crime and Fear among College Campuses and Students
|d [Erscheinungsort nicht ermittelbar] : Villanova University, 2009
|w (DE-627)1912533081
|
| 787 |
0 |
8 |
|i Forschungsdaten zu
|a Farina, Katie
|t The effects of situational crime prevention on crime and fear among college campuses and students
|d American Society of Criminology, 2009
|w (DE-627)191253309X
|
| 787 |
0 |
8 |
|i Forschungsdaten zu
|a Lane, Jodi, 1967 -
|t Fear of violent crime among men and women on campus: The impact of perceived risk and fear of sexual assault
|d 2009
|w (DE-627)1912556863
|
| 787 |
0 |
8 |
|i Forschungsdaten zu
|a Fisher, Bonnie S.
|t On-Campus Victimization Patterns of Students Implications for Crime Prevention by Students and Post-Secondary Institutions
|d [Erscheinungsort nicht ermittelbar] : United States Department of Justice, National Institute of Justice
|w (DE-627)1912640562
|
| 787 |
0 |
8 |
|i Forschungsdaten zu
|a Lee, Daniel R., 1969 -
|t The Role of Lifestyle and Personal Characteristics on Fear of Victimization among University Students
|d 2012
|w (DE-627)1764207262
|
| 787 |
0 |
8 |
|i Forschungsdaten zu
|a Lee, Daniel
|t The role of lifestyle and personal characteristics on fear of victimization among university students
|d American Society of Criminology, 2006
|w (DE-627)1912692813
|
| 787 |
0 |
8 |
|i Forschungsdaten zu
|a Cass, Amy I.
|t Routine activities and sexual assault: An analysis of individual- and school-level factors
|d 2007
|w (DE-627)191269400X
|
| 787 |
0 |
8 |
|i Forschungsdaten zu
|a Allen, W. David, 1966 - 2024
|t Self-protection against crime victimization: Theory and evidence from university campuses
|d 2013
|w (DE-627)1912698374
|
| 787 |
0 |
8 |
|i Forschungsdaten zu
|a Morral, Andrew R.
|t Sexual Assault and Sexual Harassment in the U.S. Military
|d RAND Corporation, 2014
|w (DE-627)1912701375
|
| 787 |
0 |
8 |
|i Forschungsdaten zu
|a Archer, Robert, 1948 -
|t Sexual assault victimization, fear of crime, and constrained behaviors: A test of General Strain Theory
|d American Society of Criminology, 2017
|w (DE-627)1912701731
|
| 787 |
0 |
8 |
|i Forschungsdaten zu
|a Archer, Robert J.L.
|t Sexual assault victimization, fear of sexual assault, and self-protective behaviors: A test of General Strain Theory
|d 2019
|w (DE-627)191270174X
|
| 787 |
0 |
8 |
|i Forschungsdaten zu
|a Fisher, Bonnie S.
|t Tale of two ivory towers: A comparative analysis of victimization rates and risks between university students in the United States and England
|d 2003
|w (DE-627)1912721015
|
| 787 |
0 |
8 |
|i Forschungsdaten zu
|a Fisher, Bonnie S.
|t Understanding Crime Victimization among College Students
|d United States Department of Justice, National Institute of Justice, 1995
|w (DE-627)1912732823
|
| 787 |
0 |
8 |
|i Forschungsdaten zu
|a Fisher, Bonnie S.
|t Understanding Crime Victimization on College Campuses: Implications for Crime Prevention, Final Report
|d [Erscheinungsort nicht ermittelbar] : United States Department of Justice, National Institute of Justice, 1995
|w (DE-627)1912732831
|
| 787 |
0 |
8 |
|i Forschungsdaten zu
|a Fisher, Bonnie S.
|t Unraveling the fear of victimization among college women: Is the 'shadow of sexual assault' hypothesis supported?
|d 2003
|w (DE-627)1912736160
|
| 856 |
4 |
0 |
|u https://doi.org/10.3886/ICPSR03074.v1
|x Resolving-System
|z kostenfrei
|3 Volltext
|7 0
|
| 935 |
|
|
|a mkri
|
| 951 |
|
|
|a BO
|
| ELC |
|
|
|a 1
|
| LOK |
|
|
|0 000 xxxxxcx a22 zn 4500
|
| LOK |
|
|
|0 001 4296807579
|
| LOK |
|
|
|0 003 DE-627
|
| LOK |
|
|
|0 004 1840059931
|
| LOK |
|
|
|0 005 20230324125303
|
| LOK |
|
|
|0 008 230324||||||||||||||||ger|||||||
|
| LOK |
|
|
|0 035
|a (DE-2619)ICPSR3074
|
| LOK |
|
|
|0 040
|a DE-2619
|c DE-627
|d DE-2619
|
| LOK |
|
|
|0 092
|o n
|
| LOK |
|
|
|0 852
|a DE-2619
|
| LOK |
|
|
|0 852 1
|9 00
|
| LOK |
|
|
|0 935
|a foda
|a nacj
|
| LOK |
|
|
|0 939
|a 24-03-23
|b l01
|
| OAS |
|
|
|a 1
|
| ORI |
|
|
|a SA-MARC-krimdoka001.raw
|